01415cam a2200289 a 450000100070000000500170000700800410002401000170006502000330008202000320011505000240014713000340017124501620020526000610036730000410042850000400046950002030050950000980071250400640081065000410087465000430091570000290095870000240098771000450101171000440105671000250110061492520170204153825.0920420s1992 nyua bc 001 0 eng  a 92016158  a1878271652 (cloth) :c$65.00 a1878271660 (pbk.) :c$40.0000aN6831.5 .C8C47 19920 aČeský kubismus.lEnglish.10aCzech cubism :barchitecture, furniture, and decorative arts, 1910-1925 /cedited by Alexander von Vegesack, with texts by Milena B. Lamarová ... [et al.]. aNew York, N.Y. :bPrinceton Architectural Press,cc1992. a337 p. :bill. (some col.) ;c31 cm. aTranslation of: Český kubismus. a"This exhibition was prepared by the Museum of Decorative Arts, Prague, in collaboration with the National Technical Museum, Prague, and the Vitra Design Museum, Weil am Rhein, Germany"--T.p. verso. aHeld at the Museum of Decorative Arts, Prague, May 16, 1991-June 30, 1991, and other museums. aIncludes bibliographical references (p. 331-333) and index. 0aCubismzCzechoslovakiavExhibitions. 0aArt, Czechy20th centuryvExhibitions.1 aVegesack, Alexander von.1 aLamarová, Milena.2 aUměleckoprůmyslové muzeum v Praze.2 aNárodní technické muzeum v Praze.2 aVitra Design Museum.